Everton FC Squad 2024-2025 - Statistics

General Stats
  • This quiz has been taken 248 times
    83 since last reset
  • The average score is 21 of 29
Answer Stats
# Position Nation Player % Correct
1 GK England Jordan Pickford
98%
19 DF Ukraine Vitaliy Mykolenko
98%
9 FW England Dominic Calvert-Lewin
96%
14 FW Guinea-Bissau Beto
94%
6 DF England James Tarkowski
94%
27 MF Senegal Idrissa Gueye
90%
22 FW Albania Armando Broja
88%
23 DF Ireland Séamus Coleman
88%
16 MF Mali Abdoulaye Doucouré
84%
10 FW Senegal Iliman Ndiaye
82%
32 DF England Jarrad Branthwaite
82%
5 DF England Michael Keane
82%
2 DF Scotland Nathan Patterson
80%
7 FW England Dwight McNeil
78%
- Coach Scotland David Moyes
76%
11 FW England Jack Harrison
76%
37 MF England James Garner
76%
- Coach England Sean Dyche
76%
31 GK Bosnia and Herzegovina Asmir Begović
75%
8 MF Belgium Orel Mangala
75%
15 DF Ireland Jake O'Brien
73%
12 GK Portugal João Virgínia
71%
17 FW Portugal Chermiti
61%
18 DF England Ashley Young
59%
29 MF Denmark Jesper Lindstrøm
59%
24 MF Argentina Carlos Alcaraz
51%
42 MF England Tim Iroegbunam
43%
- Coach England Leighton Baines
22%
45 MF England Harrison Armstrong
18%
No matching quizzes found
Score Distribution
Percent of People with Each Score
Percentile by Number Answered
Your Score History
You have not taken this quiz since the last reset